000 00633nam a2200229Ia 4500
005 20250508164411.0
008 008 250505s9999 xx 000 0 hin d
020 _a81-7016-209-2
037 _aTextual
040 _aFEDL
_beng
_cFEDL
041 _ahin
_2eng
084 _a891.433, SAH
_qFEDL
100 _aSahni Bhisham
245 0 _aDus pratinidhi kahaniyan
260 _aNew Delhi, India
_bKitab Ghar Parkashan
_c2006
300 _a139p.
365 _aINR
_b125
490 _aDus pratinidhi kahaniyan
650 _aFiction - Hindi
_9778032
942 _cTEXL
_h891.433, SAH
999 _c1388947
_d1388947